| 000 | 00622nam a2200217Ia 4500 | ||
|---|---|---|---|
| 001 | 7004 | ||
| 003 | GE_BSU | ||
| 008 | 181216s||||||||xx |||||||||||||| ||und|| | ||
| 040 | _cGE_BSU | ||
| 080 | _a621.3.011(075.8) | ||
| 100 | _aАтабеков,Г.И. | ||
| 245 | _aОсновы теории цепей. | ||
| 245 | _bУчебник для вузов. | ||
| 245 | _cнауч. ред. С.С.Рафили. | ||
| 260 | _aМ. | ||
| 260 | _bЭнергия. | ||
| 260 | _c1969. | ||
| 300 | _a424стр. с илл. 27см. библиогр.:стр.411. | ||
| 653 | _aОсновы теории цепей. | ||
| 942 | _cBK | ||
| 999 |
_c40396 _d40396 |
||